IFM Opac

Basic Statistics in Business & Economics (Record no. 22162)

MARC details
000 -LEADER
fixed length control field 00362nam a22001337a 4500
020 ## - INTERNATIONAL STANDARD BOOK NUMBER
ISBN 978-1-266-91476-8
082 ## - DEWEY DECIMAL CLASSIFICATION NUMBER
Classification number 519.5
100 ## - MAIN ENTRY--AUTHOR NAME
Personal name Lind, Douglas A.
245 ## - TITLE STATEMENT
Title Basic Statistics in Business & Economics
260 ## - PUBLICATION, DISTRIBUTION, ETC. (IMPRINT)
Place of publication New York:
Name of publisher McGrawHill,
Year of publication 2024
300 ## - PHYSICAL DESCRIPTION
Number of Pages xxiv, 648p.: ill.; 27cm
700 ## - ADDED ENTRY--PERSONAL NAME
Personal name Marchal, William G. & Wathem, Samuel A.
942 ## - ADDED ENTRY ELEMENTS (KOHA)
Koha item type Books
Holdings
Withdrawn status Lost status Damaged status Not for loan Collection code Permanent Location Current Location Shelving location Date acquired Source of acquisition Full call number Accession Number Price effective from Koha item type
        Non-fiction IFM Main Campus Library IFM Main Campus Library Work Room processing 01/15/2026 Purchased 519.5 LIN 0000030324 01/15/2026 Books
        Non-fiction IFM Main Campus Library IFM Main Campus Library Work Room processing 01/15/2026 Purchased 519.5 LIN 0000030326 01/15/2026 Books
        Non-fiction IFM Main Campus Library IFM Main Campus Library Work Room processing 01/15/2026 Purchased 519.5 LIN 0000030325 01/15/2026 Books